|
|
|
|
| LEADER |
01408nam a2200385 4500 |
| 001 |
000023961 |
| 003 |
20414 |
| 005 |
20160524150531.0 |
| 008 |
160524s2013 engsd |
| 020 |
|
|
|a 9781118519684 (pbk.)
|a 111851968X (pbk.)
|
| 041 |
0 |
|
|a eng
|
| 082 |
0 |
4 |
|a 658.05
|b CE-A
|
| 100 |
1 |
|
|a Cerra, Allison.
|
| 245 |
1 |
0 |
|a Transforming business
|b big data, mobility, and globalization
|c Allison Cerra, Kevin Easterwood, Jerry Power.
|
| 260 |
|
|
|a Indianapolis, Ind.
|b Wiley/John Wiley & Sons, Inc.
|c 2013
|
| 300 |
|
|
|a xx, 236 p.
|b ill.
|c 23 cm.
|
| 504 |
|
|
|a Includes bibliographical references and index.
|
| 520 |
|
|
|c Provided by publisher.
|
| 650 |
|
0 |
|a Business
|x Technological innovations
|
| 650 |
|
0 |
|a Information technology
|x Management
|
| 650 |
|
0 |
|a Mobile communication systems.
|
| 653 |
|
|
|a Globalization
|
| 653 |
|
|
|a Information technology
|
| 700 |
1 |
|
|a Easterwood, Kevin.
|d 1950-
|
| 700 |
1 |
|
|a Power, Jerry.
|d 1963-
|d 1950-
|
| OWN |
|
|
|a LSP
|
| AVA |
|
|
|a UDN50
|b LSP
|d 658.05 CE-A
|e available
|t Error 5001 Not defined in file expand_doc_bib_avail.
|f 1
|g 0
|h N
|i 0
|k 1
|
| 999 |
|
|
|a From the UDN01
|
| AVA |
|
|
|a UDN50
|b LSP
|d 658.05 CE-A
|e available
|t Error 5001 Not defined in file expand_doc_bib_avail.
|f 1
|g 0
|h N
|i 0
|k 1
|
| TYP |
|
|
|a Monograph
|
| TYP |
|
|
|a Printed language
|
| 980 |
|
|
|a Mạng thư viện Đại học Đà Nẵng
|